[Event "BRA-ch Amateur U1600"]
[Site "Sao Paulo"]
[Date "2022.06.18"]
[Round "5"]
[White "Fernandes, Jessica Caroline"]
[Black "De Oliveira, Julio Cesar Marino"]
[Result "0-1"]
[WhiteElo "1768"]
[BlackElo "1800"]
[PlyCount "86"]
[EventDate "2022.06.16"]
[EventType "swiss"]
[EventRounds "7"]
[EventCountry "BRA"]
[SourceTitle "CBM 208 Extra"]
[Source "ChessBase"]
[SourceDate "2022.07.31"]
[SourceVersion "1"]
[SourceVersionDate "2022.07.31"]
[SourceQuality "1"]

1. d4 d5 2. Nf3 Nf6 3. c4 c6 4. Nc3 e6 5. cxd5 exd5 6. Bg5 Qa5 7. Qc2 Ne4 8. Bd2 Nxc3 9. Qxc3 Qxc3 10. Bxc3 Bf5 11. e3 Nd7 12. Be2 a5 13. 0-0 Bd6 14. Nh4 Bg6 15. Rfd1 Nf6 16. Bd3 b5 17. Nf5 Bxf5 18. Bxf5 g6 19. Bd3 h5 20. Rac1 h4 21. Be1 Kd7 22. Rc2 h3 23. g3 b4 24. Kf1 Ng4 25. Kg1 a4 26. Rdc1 Rac8 27. a3 b3 28. Rxc6 Rxc6 29. Bb5 Bxa3 30. Bxc6+ Kd6 31. Bxa4 Bxb2 32. Rb1 Bc1 33. Rxc1 b2 34. Rc6+ Ke7 35. Bb4+ Kd8 36. Ba5+ Ke7 37. Rb6 Rc8 38. Bb4+ Kd8 39. Rd6+ Kc7 40. Rd7+ Kb8 41. Bd6+ Ka8 42. Ra7+ Kxa7 43. Bc5+ Rxc5 0-1